Animal world bright - Statistics

General Stats
  • This quiz has been taken 10 times
  • The average score is 33 of 45
Answer Stats
Picture Answer % Correct
Elephant
100%
Penguin
100%
Polar bear
100%
Seal
100%
Giraffe
89%
Puffin
89%
Zebra
89%
Badger
78%
Bat
78%
Crab
78%
Gorilla
78%
Hedgehog
78%
Hippo
78%
Horse
78%
Jellyfish
78%
Leopard
78%
Lion
78%
Lobster
78%
Mammoth
78%
Meerkat
78%
Octopus
78%
Ostrich
78%
Owl
78%
Sea horse
78%
Snake
78%
Tiger
78%
Unicorn
78%
Wolf
78%
Butterfly
67%
Chameleon
67%
Dog
67%
Dolphin
67%
Fox
67%
Guinea pig
67%
Pigeon
67%
Rabbit
67%
Toucan
67%
Eel
56%
Ray
56%
Shark
56%
Whale
56%
Buffalo
44%
Gull
44%
Walrus
44%
Ladybird
33%
No matching quizzes found
Score Distribution
Percent of People with Each Score
Percentile by Number Answered
Your Score History
You have not taken this quiz